000
00221 a2200097 4500
001
30888
100
_a
Nadvi
245
_a
Umer Bin Abdul Aziz
260
_a
Lahore
_b
Institute of Islamic Culture
_c
090
_c
20783
_d
20783
942
_a
NUST-CAE
_c
M
_c
11984
999
_c
265961
_d
265961